Elementary mechanics of solids (Record no. 4447)

000 -LEADER
fixed length control field 00558nam a2200217 a 4500
001 - CONTROL NUMBER
control field 4447
003 - CONTROL NUMBER IDENTIFIER
control field BD-DhUET
008 - FIXED-LENGTH DATA ELEMENTS--GENERAL INFORMATION
fixed length control field 810420t19811980nyua b 001 0 eng
020 ## - INTERNATIONAL STANDARD BOOK NUMBER
International Standard Book Number 085226819X
040 ## - CATALOGING SOURCE
Original cataloging agency DLC
Transcribing agency DLC
Modifying agency BD-DhUET
082 ## - DEWEY DECIMAL CLASSIFICATION NUMBER
Classification number 531
Item number SIN/1980
100 ## - MAIN ENTRY--PERSONAL NAME
Personal name Singh, Pashupati Nath
245 10 - TITLE STATEMENT
Title Elementary mechanics of solids
250 ## - EDITION STATEMENT
Edition statement 1st ed.
260 ## - PUBLICATION, DISTRIBUTION, ETC. (IMPRINT)
Place of publication, distribution, etc. New Delhi
Name of publisher, distributor, etc. Wiley Eastern
Date of publication, distribution, etc. 1980
300 ## - PHYSICAL DESCRIPTION
Extent xvi, 616p.
Other physical details ill.
504 ## - BIBLIOGRAPHY, ETC. NOTE
Bibliography, etc Includes bibliographies
650 #0 - SUBJECT ADDED ENTRY--TOPICAL TERM
Topical term or geographic name as entry element Mechanics of solids
700 ## - ADDED ENTRY--PERSONAL NAME
Personal name Jha, Prem Kumar
942 ## - ADDED ENTRY ELEMENTS (KOHA)
Koha item type General Book
Holdings
Koha date last seen Copy number Damaged status Piece designation (barcode) Shelving location Date acquired Not for loan Sublocation or collection (holding branch) Koha normalized classification for sorting Koha full call number Withdrawn status Koha item type Location (home branch) Source of classification or shelving scheme Lost status Price effective from
2014-11-161 59249Circulation section2014-11-16 Central Library, BUET531_000000000000000_SIN_1980531/SIN/1980 General BookCentral Library, BUET  2014-11-16
2015-03-102 59250Circulation section2015-03-10 Central Library, BUET531_000000000000000_SIN_1980531/SIN/1980 General BookCentral Library, BUET  2015-03-10
2015-03-103 59252Circulation section2015-03-10 Central Library, BUET531_000000000000000_SIN_1980531/SIN/1980 General BookCentral Library, BUET  2015-03-10
2015-03-104 59245Circulation section2015-03-10 Central Library, BUET531_000000000000000_SIN_1980531/SIN/1980 General BookCentral Library, BUET  2015-03-10
2015-03-105 59246Circulation section2015-03-10 Central Library, BUET531_000000000000000_SIN_1980531/SIN/1980 General BookCentral Library, BUET  2015-03-10
2015-03-116   2015-03-11 Central Library, BUET531_000000000000000_SIN_1980531/SIN/1980 General BookCentral Library, BUET  2015-03-11
2015-03-117 59248Circulation section2015-03-11 Central Library, BUET531_000000000000000_SIN_1980531/SIN/1980 General BookCentral Library, BUET  2015-03-11
2015-03-118 57348Circulation section2015-03-11 Central Library, BUET531_000000000000000_SIN_1980531/SIN/1980 General BookCentral Library, BUET  2015-03-11
2016-03-279 55367Circulation section2015-03-22 Central Library, BUET531_000000000000000_SIN_1980531/SIN/1980 General BookCentral Library, BUET  2015-03-22
2015-06-0810 59244Reading section2015-06-08 Central Library, BUET531_000000000000000_SIN_1980531/SIN/1980 Reading ItemCentral Library, BUET  2015-06-08
2015-06-0811 59243Reading section2015-06-08 Central Library, BUET531_000000000000000_SIN_1980531/SIN/1980 Reading ItemCentral Library, BUET  2015-06-08